Material Alchemy /
Na minha lista:
| Outros Autores: | |
|---|---|
| Formato: | Livro |
| Idioma: | inglês |
| Publicado em: |
Amsterdam :
BIS Publishers,
2014
|
| Edição: | 1. vydanie |
| Assuntos: | |
| Tags: |
Sem tags, seja o primeiro a adicionar uma tag!
|
MARC
| LEADER | 00000nam a22000003a 4500 | ||
|---|---|---|---|
| 001 | 0085153 | ||
| 003 | SK-STU | ||
| 005 | 20201208135614.6 | ||
| 007 | ta | ||
| 008 | 201208s ----xo-----e------000-0-----d | ||
| 020 | |a 978-90-6369-376-3 | ||
| 040 | |a STU |b slo | ||
| 041 | 0 | |a eng | |
| 044 | |a ne | ||
| 100 | 1 | |a Lee, Jenny |4 edt | |
| 245 | 1 | 0 | |a Material Alchemy / |c ed. Jenny Lee |
| 250 | |a 1. vydanie | ||
| 260 | |a Amsterdam : |b BIS Publishers, |c 2014 | ||
| 300 | |a 152 s. | ||
| 650 | 0 | 7 | |a stavebné materiály |
| 650 | 0 | 7 | |a dizajn a materiál |
| 650 | 0 | 7 | |a low-tech |
| 650 | 0 | 7 | |a High-tech |
| 996 | |b 284AU08513 |c A* 11777/U |l AAKNST |s P |a 0 |w 0085153_0001 | ||